000
00242nam a22000857a 4500
008
160714b xxu||||| |||| 00| 0 eng d
100
_9
2843
_a
Bobick, J., et al
245
_a
The Handy Biology Answer Book
260
_a
Canton
_b
Visible Ink Press
_c
2004
999
_c
2427
_d
2427